00330nam a2200121Ia 4500008004000000082001700040100001800057245004700075250000500122260003400127300000800161650003900169210210b1980 xxu||||| |||| 00| 0 eng d a346.066 KAPC aKAPOOR (N D). aCompany law and secretarial practice. Ed.2 a aNDbSultan Chand & Sonsc1980 a492 aCompany law & secretarial practice